Biogasanlagen
Salvato in:
| Autore principale: | |
|---|---|
| Natura: | Libro |
| Lingua: | tedesco |
| Pubblicazione: |
Stuttgart
Ulmer
2007
|
| Edizione: | 2., aktual. Aufl. |
| Soggetti: | |
| Accesso online: | Visualizza in OPAC |
| Tags: |
Nessun Tag, puoi essere il primo ad aggiungerne!!
|
MARC
| LEADER | 00000nam a2200000 a 4500 | ||
|---|---|---|---|
| 005 | 20260127134204.0 | ||
| 008 | 100202 2007 gw 000 0 ger d | ||
| 020 | |a 9783800155736 | ||
| 035 | |a vtls010059921 | ||
| 039 | 9 | |y 201002021228 |z mschk03 | |
| 040 | |a STUSCHK1 |b slo |c STUSCHK1 |e AACR2 | ||
| 080 | |a 665.776 | ||
| 100 | 1 | |a Görisch, Uwe | |
| 245 | 1 | |a Biogasanlagen |c Uwe Görisch, Markus Helm | |
| 250 | |a 2., aktual. Aufl. | ||
| 260 | |a Stuttgart |b Ulmer |c 2007 | ||
| 300 | |a 150 s. |b ill. |c 25 cm | ||
| 650 | 0 | |a Biogasanlage |x Anlagenplanung | |
| 650 | 0 | |a Biogasanlage |x Lebensmittelabfall | |
| 910 | |a SCHK95 | ||
| 919 | |a 978-3-8001-5573-6 | ||
| 999 | |c 6233 |d 6233 | ||